000 01122nam a22003611i 4500
999 _c848
_d848
001 020515043
003 UkOxU
005 20191223141656.0
008 151014s2016 enk j 001|0|eng|d
015 _aGBB5H4759
_2bnb
016 7 _a017653032
_2Uk
020 _a9781407163840 (pbk.) :
035 _a(Uk)017653032
040 _aStDuBDS
_beng
_erda
_cStDuBDS
_dUk
042 _aukblsr
082 0 4 _a937 DEA
_223
100 1 _aDeary, Terry,
_eauthor.
245 1 0 _aRotten Romans /
_cTerry Deary ; illustrated by Martin Brown.
264 1 _aLondon :
_bScholastic,
_c2016.
300 _a1 volume ; 141 p. :
_bill. :
_c20 cm.
336 _atext
_2rdacontent
337 _aunmediated
_2rdamedia
338 _avolume
_2rdacarrier
490 0 _aHorrible histories
500 _aIncludes index.
500 _aFormerly CIP.
_5Uk
650 0 _aRomans
_vJuvenile literature.
650 0 _aRomans
_zGreat Britain
_vJuvenile literature.
651 0 _aRome
_xHistory
_vJuvenile literature.
651 0 _aRome
_xSocial life and customs
_vJuvenile literature.
700 1 0 _aBrown, Martin,
_d1959-
_eillustrator.
942 _2ddc
_cNFIC